| 000 | 00655nam a2200205 a 4500 | ||
|---|---|---|---|
| 005 | 20240228063717.0 | ||
| 008 | 140522s2003 mx r 000 0 spa d | ||
| 020 | _a8484701166 | ||
| 035 | _aUPN01000197494 | ||
| 049 | _aI | ||
| 050 | 4 |
_aPZ24.9 _bB7.3 |
|
| 100 | 1 |
_aBrun-Cosme, Nadine, _d1960- _936206 |
|
| 245 | 1 | 1 |
_a¡Hoy lo hace papá! / _cNadine Brun-Cosme ; il de Michel Backès ; tr. de Rafael Ros. |
| 260 |
_aBarcelona, Esp. : _bCorimbo, _c2003. |
||
| 300 |
_a[22] p. : _bil. col. |
||
| 534 |
_pTítulo original : _tC'est mon papa! |
||
| 650 | 0 |
_aCuentos infantiles franceses _98588 |
|
| 650 | 4 |
_aRelaciones de familia _96077 |
|
| 905 | _aInfantil | ||
| 999 |
_c169595 _d169595 |
||